01255nam a2200277 a 4500001001000000003000900010005001700019008004100036040002500077082002300102100002500125245019900150250001200349260005100361300003900412500006800451504003300519590002600552650005400578700002900632910003800661942001400699952012100713952012600834999001700960000041209DO-SdBNP20251021133638.0130925s1998 dr ad r 000 0 spa d aDO-SdBNPbspacBNPHU a352.4bT683f, 19981 aToribio, Juan95392810aFinanzas públicas y gestión fiscal :bel nuevo rol del estado en el marco de la globalización económica, pautas para la dirección central y municipal /cJuan Toribio, Teofilo A. Reyes. a2ª ed. aSanto Domingo :bTriunfo Fast Printing,c1998. a257 p. :bil., gráfcs. ;c25 cm. aIncluye datos biografícos de los autores en la contraportada. aBibliografía : p. 243-246. aInventariado, 2018/BT 7aFinanzas públicaszRepública Dominicana985641 aReyes, Teofilo A.953929 aValidado. Control de calidad. EMS 2ddccLBS1 0010718PDaPDbPDcHDd2013-09-25iLF1l0o352.4 T683f, 1998p41209-10r2020-06-25w2020-06-25yLFPDZNo se presta 0010718PDaPDbPDcHDd2014-12-10iLF1l0o352.4 T683f, 1998p41209-20r2020-06-25te.2w2020-06-25yLFPDZNo se presta c40699d40699